Моделирование захвата и вывода электронного пучка бетатрона с азимутальной вариацией поля: диссертация на соискание ученой степени кандидата физико-математических наук; спец. 01.04.20

Bibliografski detalji
Glavni autor: Иванилова Т. С. Татьяна Сергеевна
Autor kompanije: Национальный исследовательский Томский политехнический университет (ТПУ) Кафедра прикладной физики
Daljnji autori: Адищев Ю. Н. Юрий Николаевич (научный руководитель)
Sažetak:Защищена 21.12.2010 г.
Jezik:ruski
Izdano: Томск, 2010
Teme:
Format: MixedMaterials Knjiga
KOHA link:https://koha.lib.tpu.ru/cgi-bin/koha/opac-detail.pl?biblionumber=189750

MARC

LEADER 00000nbm0a2200000 4500
001 189750
005 20240126150407.0
035 |a (RuTPU)RU\TPU\book\206477 
035 |a RU\TPU\book\206476 
090 |a 189750 
100 |a 20110111j20101221k y0rusy50 ca 
101 0 |a rus 
102 |a RU 
105 |a a m 001zy 
200 1 |a Моделирование захвата и вывода электронного пучка бетатрона с азимутальной вариацией поля  |e диссертация на соискание ученой степени кандидата физико-математических наук  |e спец. 01.04.20  |f Т. С. Иванилова  |g Национальный исследовательский Томский политехнический университет (ТПУ), Кафедра прикладной физики ; науч. рук. Ю. Н. Адищев 
210 |a Томск  |d 2010 
215 |a 116 л.  |c ил. 
300 |a Защищена 21.12.2010 г. 
320 |a Библиогр.: с. 107-116 (84 назв.). 
606 1 |a Бетатроны  |x Вывод частиц  |2 stltpush  |3 (RuTPU)RU\TPU\subj\28314  |9 51846 
610 1 |a электронные пучки 
610 1 |a захват 
610 1 |a инжекция 
610 1 |a моделирование 
610 1 |a диссертации 
610 1 |a труды учёных ТПУ 
675 |a 621.384.634.3(04)  |v 3 
686 |a 01.04.20  |2 oksvnk 
700 1 |a Иванилова  |b Т. С.  |c физик  |c инженер-проектировщик Томского политехнического университета  |f 1982-  |g Татьяна Сергеевна  |3 (RuTPU)RU\TPU\pers\27726  |9 12800 
702 1 |a Адищев  |b Ю. Н.  |c физик  |c профессор Томского политехнического университета, доктор физико-математических наук  |f 1946-  |g Юрий Николаевич  |3 (RuTPU)RU\TPU\pers\27727  |4 727 
712 0 2 |a Национальный исследовательский Томский политехнический университет (ТПУ)  |b Кафедра прикладной физики  |c (2009- )  |3 (RuTPU)RU\TPU\col\15902 
801 1 |a RU  |b 63413507  |c 20110111 
801 2 |a RU  |b 63413507  |c 20110120  |g RCR 
942 |c BK